[Event "Titled Tuesday intern op 28th May Late"]
[Site "Chess.com INT"]
[Date "2024.05.28"]
[Round "7"]
[White "Andrews, Todd D"]
[Black "Senthilkumar, Pranav"]
[Result "1-0"]
[WhiteElo "2167"]
[BlackElo "1912"]
[PlyCount "125"]
[EventDate "2024.05.28"]
[EventType "swiss (blitz)"]
[EventRounds "11"]
[EventCountry "USA"]
[SourceTitle "EXT 2025"]
[Source "ChessBase"]
[SourceDate "2024.10.14"]
[SourceVersion "1"]
[SourceVersionDate "2024.10.14"]
[SourceQuality "1"]

1. d4 Nf6 2. c4 c5 3. d5 b5 4. cxb5 a6 5. Nc3 axb5 6. e4 b4 7. Nb5 d6 8. Bf4 g5 9. Bxg5 Nxe4 10. Bf4 Nf6 11. Bc4 Bg7 12. Ne2 0-0 13. Ng3 Na6 14. 0-0 Nc7 15. Nxc7 Qxc7 16. Re1 Bg4 17. Qd2 Kh8 18. h3 Bc8 19. Bh6 Rg8 20. Re2 Ra7 21. Rae1 Qd8 22. Qf4 Bxh6 23. Qxh6 Rg6 24. Qh4 Kg7 25. Bd3 Nxd5 26. Nh5+ Kg8 27. Bxg6 hxg6 28. Qg5 Nc7 29. Nf4 Ne8 30. Rxe7 Rxe7 31. Qxe7 Qxe7 32. Rxe7 Nf6 33. Rc7 Bf5 34. a4 bxa3 35. bxa3 d5 36. Rxc5 d4 37. Kf1 Ne4 38. Rc7 Nc3 39. Ke1 Bc2 40. Rc4 Nb5 41. a4 Bd3 42. Rc8+ Kg7 43. axb5 Bxb5 44. Kd2 Bd7 45. Rd8 Bf5 46. Rxd4 Kf6 47. g4 Bc8 48. Rb4 Ke5 49. Ke3 Bd7 50. Re4+ Kf6 51. Rd4 Bc6 52. Nd5+ Ke6 53. Nc7+ Kf6 54. f4 Bg2 55. g5+ Kg7 56. h4 Bh3 57. Ke4 Bf5+ 58. Ke5 Kf8 59. Nb5 Ke7 60. Nc3 Be6 61. Nd5+ Kf8 62. Nf6 Kg7 63. Rd8 1-0